<?xml version="1.0" encoding="UTF-8"?>
<record
    xmlns:xsi="http://www.w3.org/2001/XMLSchema-instance"
    xsi:schemaLocation="http://www.loc.gov/MARC21/slim http://www.loc.gov/standards/marcxml/schema/MARC21slim.xsd"
    xmlns="http://www.loc.gov/MARC21/slim">

  <leader>02113nam0a2200349 i 4500</leader>
  <controlfield tag="001">RU\NLR\BIBL_A\011314746</controlfield>
  <controlfield tag="005">20260407083951.0</controlfield>
  <datafield tag="010" ind1=" " ind2=" ">
    <subfield code="a">9785805503062</subfield>
    <subfield code="9">500</subfield>
  </datafield>
  <datafield tag="021" ind1=" " ind2=" ">
    <subfield code="a">RU</subfield>
    <subfield code="b">2016-100602</subfield>
    <subfield code="9">6696</subfield>
  </datafield>
  <datafield tag="035" ind1=" " ind2=" ">
    <subfield code="a">(NLR Aleph) 011314746</subfield>
  </datafield>
  <datafield tag="090" ind1=" " ind2=" ">
    <subfield code="a">11041324</subfield>
    <subfield code="c">11041324</subfield>
  </datafield>
  <datafield tag="100" ind1=" " ind2=" ">
    <subfield code="a">20170124d2016    k  y0rusy50      ca</subfield>
  </datafield>
  <datafield tag="101" ind1="0" ind2=" ">
    <subfield code="a">rus</subfield>
  </datafield>
  <datafield tag="102" ind1=" " ind2=" ">
    <subfield code="a">RU</subfield>
  </datafield>
  <datafield tag="105" ind1=" " ind2=" ">
    <subfield code="a">a   z   000zy</subfield>
  </datafield>
  <datafield tag="200" ind1="1" ind2=" ">
    <subfield code="a">&#x41D;&#x430;&#x441;&#x435;&#x43B;&#x435;&#x43D;&#x438;&#x435; &#x420;&#x43E;&#x441;&#x441;&#x438;&#x438;: &#x438;&#x441;&#x442;&#x43E;&#x440;&#x438;&#x43A;&#x43E;-&#x434;&#x435;&#x43C;&#x43E;&#x433;&#x440;&#x430;&#x444;&#x438;&#x447;&#x435;&#x441;&#x43A;&#x43E;&#x435; &#x438;&#x437;&#x43C;&#x435;&#x440;&#x435;&#x43D;&#x438;&#x435;</subfield>
    <subfield code="e">[&#x441;&#x431;&#x43E;&#x440;&#x43D;&#x438;&#x43A; &#x43D;&#x430;&#x443;&#x447;&#x43D;&#x44B;&#x445; &#x441;&#x442;&#x430;&#x442;&#x435;&#x439; &#x43F;&#x43E; &#x43C;&#x430;&#x442;&#x435;&#x440;&#x438;&#x430;&#x43B;&#x430;&#x43C; &#x41D;&#x430;&#x443;&#x447;&#x43D;&#x43E;&#x433;&#x43E; &#x424;&#x43E;&#x440;&#x443;&#x43C;&#x430; "&#x41F;&#x43E;&#x43B;&#x44F;&#x43A;&#x43E;&#x432;&#x441;&#x43A;&#x438;&#x435; &#x447;&#x442;&#x435;&#x43D;&#x438;&#x44F;-2014"</subfield>
    <subfield code="f">&#x441;&#x43E;&#x441;&#x442;. - &#x434;.&#x438;&#x441;&#x442;.&#x43D;. &#x412;.&#x411;. &#x416;&#x438;&#x440;&#x43E;&#x43C;&#x441;&#x43A;&#x430;&#x44F;</subfield>
    <subfield code="g">&#x440;&#x435;&#x434;&#x43A;&#x43E;&#x43B;.: &#x434;&#x43E;&#x43A;&#x442;&#x43E;&#x440;&#x430; &#x438;&#x441;&#x442;. &#x43D;&#x430;&#x443;&#x43A; &#x42E;.&#x410;. &#x41F;&#x435;&#x442;&#x440;&#x43E;&#x432;, &#x412;.&#x411;. &#x416;&#x438;&#x440;&#x43E;&#x43C;&#x441;&#x43A;&#x430;&#x44F; (&#x43E;&#x442;&#x432;. &#x440;&#x435;&#x434;&#x430;&#x43A;&#x442;&#x43E;&#x440;&#x44B;) &#x438; &#x434;&#x440;.]</subfield>
  </datafield>
  <datafield tag="210" ind1=" " ind2=" ">
    <subfield code="a">&#x41C;&#x43E;&#x441;&#x43A;&#x432;&#x430;</subfield>
    <subfield code="c">&#x418;&#x420;&#x418; &#x420;&#x410;&#x41D;</subfield>
    <subfield code="d">2016</subfield>
  </datafield>
  <datafield tag="215" ind1=" " ind2=" ">
    <subfield code="a">294, [1] &#x441;.</subfield>
    <subfield code="c">&#x438;&#x43B;.</subfield>
    <subfield code="d">24</subfield>
  </datafield>
  <datafield tag="300" ind1=" " ind2=" ">
    <subfield code="a">&#x412; &#x43D;&#x430;&#x434;&#x437;&#x430;&#x433;.: &#x41E;&#x442;&#x434;-&#x43D;&#x438;&#x435; &#x438;&#x441;&#x442;.-&#x444;&#x438;&#x43B;&#x43E;&#x43B;. &#x43D;&#x430;&#x443;&#x43A; &#x420;&#x43E;&#x441;. &#x430;&#x43A;&#x430;&#x434;. &#x43D;&#x430;&#x443;&#x43A;, &#x418;&#x43D;-&#x442; &#x440;&#x43E;&#x441;. &#x438;&#x441;&#x442;&#x43E;&#x440;&#x438;&#x438; &#x420;&#x43E;&#x441;. &#x430;&#x43A;&#x430;&#x434;. &#x43D;&#x430;&#x443;&#x43A;, &#x41D;&#x430;&#x443;&#x447;. &#x441;&#x43E;&#x432;&#x435;&#x442; &#x420;&#x43E;&#x441;. &#x430;&#x43A;&#x430;&#x434;. &#x43D;&#x430;&#x443;&#x43A; &#x43F;&#x43E; &#x438;&#x441;&#x442;. &#x434;&#x435;&#x43C;&#x43E;&#x433;&#x440;&#x430;&#x444;&#x438;&#x438; &#x438; &#x438;&#x441;&#x442;. &#x433;&#x435;&#x43E;&#x433;&#x440;&#x430;&#x444;&#x438;&#x438;</subfield>
  </datafield>
  <datafield tag="320" ind1=" " ind2=" ">
    <subfield code="a">&#x411;&#x438;&#x431;&#x43B;&#x438;&#x43E;&#x433;&#x440;. &#x432; &#x43A;&#x43E;&#x43D;&#x446;&#x435; &#x441;&#x442;.</subfield>
  </datafield>
  <datafield tag="607" ind1=" " ind2=" ">
    <subfield code="a">&#x420;&#x43E;&#x441;&#x441;&#x438;&#x44F;</subfield>
    <subfield code="j">&#x421;&#x431;&#x43E;&#x440;&#x43D;&#x438;&#x43A;&#x438;</subfield>
    <subfield code="x">&#x41D;&#x430;&#x441;&#x435;&#x43B;&#x435;&#x43D;&#x438;&#x435;</subfield>
    <subfield code="x">&#x418;&#x441;&#x442;&#x43E;&#x440;&#x438;&#x44F;</subfield>
    <subfield code="9">2081150</subfield>
    <subfield code="3">RU\NLR\AUTH\661257116</subfield>
  </datafield>
  <datafield tag="686" ind1="1" ind2=" ">
    <subfield code="a">&#x421;73(2)&#x44F;43</subfield>
  </datafield>
  <datafield tag="686" ind1="1" ind2=" ">
    <subfield code="a">&#x422;3(2)0-1&#x44F;43</subfield>
  </datafield>
  <datafield tag="702" ind1=" " ind2="1">
    <subfield code="4">340</subfield>
    <subfield code="8">rus</subfield>
    <subfield code="7">ca</subfield>
    <subfield code="a">&#x41F;&#x435;&#x442;&#x440;&#x43E;&#x432;</subfield>
    <subfield code="b">&#x42E;. &#x410;.</subfield>
    <subfield code="c">&#x434;-&#x440; &#x438;&#x441;&#x442;. &#x43D;&#x430;&#x443;&#x43A;</subfield>
    <subfield code="f">1955-</subfield>
    <subfield code="g">&#x42E;&#x440;&#x438;&#x439; &#x410;&#x43B;&#x435;&#x43A;&#x441;&#x430;&#x43D;&#x434;&#x440;&#x43E;&#x432;&#x438;&#x447;</subfield>
    <subfield code="3">RU\NLR\AUTH\776489</subfield>
    <subfield code="9">116443</subfield>
  </datafield>
  <datafield tag="702" ind1=" " ind2="1">
    <subfield code="a">&#x416;&#x438;&#x440;&#x43E;&#x43C;&#x441;&#x43A;&#x430;&#x44F;</subfield>
    <subfield code="b">&#x412;. &#x411;.</subfield>
    <subfield code="g">&#x412;&#x430;&#x43B;&#x435;&#x43D;&#x442;&#x438;&#x43D;&#x430; &#x411;&#x43E;&#x440;&#x438;&#x441;&#x43E;&#x432;&#x43D;&#x430;</subfield>
    <subfield code="4">220</subfield>
  </datafield>
  <datafield tag="711" ind1="1" ind2="2">
    <subfield code="a">&#x41F;&#x43E;&#x43B;&#x44F;&#x43A;&#x43E;&#x432;&#x441;&#x43A;&#x438;&#x435; &#x447;&#x442;&#x435;&#x43D;&#x438;&#x44F;</subfield>
    <subfield code="e">&#x41C;&#x43E;&#x441;&#x43A;&#x432;&#x430;</subfield>
    <subfield code="f">2014</subfield>
    <subfield code="9">546706</subfield>
    <subfield code="3">RU\NLR\AUTH\880441348</subfield>
  </datafield>
  <datafield tag="712" ind1="0" ind2="2">
    <subfield code="4">570</subfield>
    <subfield code="a">&#x420;&#x43E;&#x441;&#x441;&#x438;&#x439;&#x441;&#x43A;&#x430;&#x44F; &#x430;&#x43A;&#x430;&#x434;&#x435;&#x43C;&#x438;&#x44F; &#x43D;&#x430;&#x443;&#x43A;</subfield>
    <subfield code="b">&#x41E;&#x442;&#x434;&#x435;&#x43B;&#x435;&#x43D;&#x438;&#x435; &#x438;&#x441;&#x442;&#x43E;&#x440;&#x438;&#x43A;&#x43E;-&#x444;&#x438;&#x43B;&#x43E;&#x43B;&#x43E;&#x433;&#x438;&#x447;&#x435;&#x441;&#x43A;&#x438;&#x445; &#x43D;&#x430;&#x443;&#x43A;</subfield>
    <subfield code="3">RU\NLR\AUTH\8810044917</subfield>
    <subfield code="9">589261</subfield>
  </datafield>
  <datafield tag="942" ind1=" " ind2=" ">
    <subfield code="c">BOOK</subfield>
  </datafield>
  <datafield tag="980" ind1=" " ind2=" ">
    <subfield code="a">NBR</subfield>
  </datafield>
</record>
